Score 0/28 Timer 03:00
0 Plays Today
Clue 5-Letter Rung % Correct
• Cosmetic: Cheek colorer •• BLUSH •
89.6%
Monopoly purchaseHOTEL
88.6%
• Cosmetic: Lip shiner •• GLOSS •
87.4%
Romantic partnerLOVER
86.9%
Mirror materialGLASS
86.8%
Traveler's lodgingMOTEL
86.5%
Partially melted snowSLUSH
85.1%
Lawn plantGRASS
85%
• Cosmetic: Eye emphasizer •• LINER •
84%
Babel constructionTOWER
84%
Hang in the airHOVER
83.5%
• Cosmetic: Makeup blender •• BRUSH •
83.4%
Bring downLOWER
83.1%
A hermitLONER
81.8%
Clue 5-Letter Rung % Correct
• Cosmetic: Skin improver •• TONER •
81.5%
Metallic alloyBRASS
80.6%
Dilapidated dwellingHOVEL
79.6%
Bold, impertinentBRASH
78.8%
Slow arboreal animalSLOTH
77.7%
Sound of moving waterSLOSH
74.3%
Like a chimney sweepSOOTY
64%
Two scoreFORTY
60%
Fancy older word for truthSOOTH
59.2%
UK sport nicknameFOOTY
57.9%
Gourmet mushroomMOREL
56.9%
Words to live byMORAL
56.8%
Tropical eelMORAY
53.3%
Sudden invasionFORAY
48.9%

Today's Daily Dose

Remove Ads.
Support Sporcle.
Get the best of Sporcle when you Go Orange. This ad-free experience offers more features, more stats, and more fun while also helping to support Sporcle. Thank you for becoming a member.

You're not logged in!

Compare scores with friends on all Sporcle quizzes.
OR
Log In

Show Comments

Extras

Top Quizzes Today


Score Distribution

Your Account Isn't Verified!

In order to create a playlist on Sporcle, you need to verify the email address you used during registration. Go to your Sporcle Settings to finish the process.

Report this User

Report this user for behavior that violates our Community Guidelines.

Details: